|
|
|
|
| LEADER |
00000nab a2200000 ar4500 |
| 001 |
vtls008959043 |
| 003 |
SK-MaSNL |
| 005 |
20260303071033.0 |
| 008 |
070327c2007 xo dr|p|||||||000 b|slo |
| 015 |
|
|
|a SNBRB2007/03
|2 snkbucl
|
| 038 |
|
|
|a SNKBUCL
|
| 040 |
|
|
|a SNKBUCL
|b slo
|c SNKBUCL
|e AACR2
|
| 041 |
|
|
|a slo
|
| 044 |
|
|
|a xo
|c SK
|
| 080 |
|
|
|a 32-051
|2 2001
|
| 080 |
|
|
|a 329.7:504
|x (437.6)
|b SZ
|2 2001
|
| 100 |
1 |
|
|a Morvay, Peter,
|d 1968-2020
|4 ivr
|4 aut
|9 197202
|
| 245 |
1 |
0 |
|a Bursík: Klaus žije na inej planéte
|b odpor k jadru nie je naše náboženstvo. Potrebujeme menej ideológie, tvrdí český vicepremiér
|c Peter Morvay
|
| 500 |
|
|
|a Od 15.1.2007 návrat k pôvodnému vročeniu
|
| 600 |
1 |
7 |
|a Bursík, Martin
|d 1959-
|2 snkbucl
|9 1069232
|
| 610 |
2 |
7 |
|a Strana zelených (Česko)
|2 snkbucl
|9 218015
|
| 700 |
1 |
|
|a Bursík, Martin
|d 1959-
|4 ive
|4 aut
|9 1069232
|
| 773 |
0 |
|
|t Sme
|g Roč. 15, č. 59 (12.3.2007), s. 8
|x 1335-440X
|
| 852 |
|
|
|a SNK
|b KIS3GCP
|
| 958 |
|
|
|a CZ
|
| 999 |
|
|
|c 1758029
|d 1759959
|